banner koha

Phlebotomines (Diptera, Psychodidae)in the Speleological province of the Ribeira Valley: 2. Parque Estadual do Alto Ribeira (PETAR), São Paulo, Brazil (Registro n. 232809)

MARC details
000 -LÍDER
campo de controle de tamanho fixo 00966nas a2200301 4500
001 - NÚMERO DE CONTROLE
campo de controle BR2013009200
003 - IDENTIFICADOR DO NÚMERO DE CONTROLE
campo de controle BR-BrBNA
005 - DATA E HORÁRIO DA ÚLTIMA TRANSAÇÃO
campo de controle 20231205123227.0
007 - CAMPO FIXO DE DESCRIÇÃO FÍSICA--INFORMAÇÃO GERAL
campo de controle de tamanho fixo ta
008 - CAMPO DE DADOS FIXOS--INFORMAÇÃO GERAL
campo de controle de tamanho fixo 230509b bl.|||p| |||| 00| 00por d
040 ## - FONTE DA CATALOGAÇÃO
Instituição da catalogação original BR-BrBNA
Idioma da catalogação por
Instituição que transcreveu o registro Biblioteca Nacional de Agricultura
041 ## - CÓDIGO DE IDIOMA
Código do idioma do texto/trilha sonora ou título diferente (En)
072 ## - CÓDIGO DE CATEGORIA DE ASSUNTO
Código de Categoria de Assunto L73
100 1# - ENTRADA PRINCIPAL--NOME PESSOAL
Nome pessoal Galati, E.A.B.
100 1# - ENTRADA PRINCIPAL--NOME PESSOAL
Nome pessoal Marassá, A.M.
100 1# - ENTRADA PRINCIPAL--NOME PESSOAL
Nome pessoal Gonçalves-Andrade, R.M.
100 1# - ENTRADA PRINCIPAL--NOME PESSOAL
Nome pessoal Consales, C.A.
100 1# - ENTRADA PRINCIPAL--NOME PESSOAL
Nome pessoal Bueno, E.F.M.
245 1# - TÍTULO
Título Phlebotomines (Diptera, Psychodidae)in the Speleological province of the Ribeira Valley: 2. Parque Estadual do Alto Ribeira (PETAR), São Paulo, Brazil
650 ## - ASSUNTO--TERMO TÓPICO
Cabeçalho tópico ou nome geográfico MOSQUITO
650 ## - ASSUNTO--TERMO TÓPICO
Cabeçalho tópico ou nome geográfico LEISHMANIOSE
650 ## - ASSUNTO--TERMO TÓPICO
Cabeçalho tópico ou nome geográfico VETOR
650 ## - ASSUNTO--TERMO TÓPICO
Cabeçalho tópico ou nome geográfico ECOLOGIA
650 ## - ASSUNTO--TERMO TÓPICO
Cabeçalho tópico ou nome geográfico SÃO PAULO
773 0# - ENTRADA ANALÍTICA
Título Revista Brasileira de Entomologia (Brazil)
ISSN - International Standard Serial Number ISSN 0085-5626
Partes relacionadas (Jul-Sep 2010), v. 54(3) p. 477-487
Número de controle do registro BR2013009200
909 ## -
-- 202311
-- Lúcia
-- 55
-- Lúcia Elande
942 ## - ELEMENTOS DE ENTRADA ADICIONADOS (KOHA)
Fonte da classificação ou esquema de arquivamento na estante Classificação AGRIS
Ocultar no OPAC Não
Tipo de material Koha Analítica
Exemplares
Situação do descarte Fonte da classificação ou esquema de arquivamento na estante Situação física Não pode ser emprestado Biblioteca de origem Biblioteca atual Localização na estante Enumeração do periódico / cronologia Total de empréstimos Data de último acesso Número do exemplar Tipo de material Koha Fonte de aquisição
  Classificação AGRIS   Consulta local Biblioteca Nacional de Agricultura - Binagri Biblioteca Nacional de Agricultura - Binagri   (Jul-Sep 2010), v. 54(3) p. 477-487   29/11/2023 01 Periódicos Portaria Interministerial nº 164/94

BINAGRI

Telefone: (61)3218-2567/2388/3357/2097 - binagri@agro.gov.br

Ministério da Agricultura e Pecuária , Esplanada dos Ministérios, Bloco D, Anexo B, Brasília/DF, CEP: 70.043-900